Statistics for B Subdivisions - Easy

Click here to take the quiz!

General Stats

  • This quiz has been taken 20 times
  • The average score is 97 of 285

Answer Stats

HintAnswer% Correct
LebanonBeirut
100%
BoliviaBeni
83%
IraqBaghdad
67%
ChadBahr el Gazel
67%
AzerbaijanBaku
67%
ThailandBangkok
67%
MontenegroBar
67%
Antigua and BarbudaBarbuda
67%
GermanyBavaria
67%
SerbiaBelgrade
67%
GermanyBerlin
67%
SwitzerlandBern
67%
AngolaBie
67%
KyrgyzstanBishkek
67%
Guinea-BissauBissau
67%
GermanyBremen
67%
CanadaBritish Columbia
67%
United KingdomBritish Virgin Islands
67%
BruneiBrunei-Muara
67%
RomaniaBucharest
67%
HungaryBudapest
67%
IraqBabil
50%
GermanyBaden-Wurttemberg
50%
BrazilBahia
50%
MexicoBaja California
50%
MexicoBaja California Sur
50%
SpainBalearic Islands
50%
IndonesiaBali
50%
TurkmenistanBalkan
50%
MaliBamako
50%
Central African RepublicBangui
50%
SpainBasque
50%
IraqBasra
50%
AlgeriaBatna
50%
ChinaBeijing
50%
RussiaBelgorod
50%
BelizeBelize
50%
LebanonBeqaa
50%
United KingdomBermuda
50%
SerbiaBor
50%
GermanyBrandenburg
50%
SlovakiaBratislava
50%
BelarusBrest
50%
Argentina (City) | Argentina (Province)Buenos Aires
50%
LebanonBaalbek-Hermel
33%
RomaniaBacau
33%
VietnamBac Giang
33%
VietnamBac Kan
33%
VietnamBac Lieu
33%
VietnamBac Ninh
33%
HungaryBacs-Kiskun
33%
AfghanistanBadakhshan
33%
AfghanistanBadghis
33%
Guinea-BissauBafata
33%
Ivory CoastBafing
33%
AfghanistanBaghlan
33%
NepalBagmati
33%
MyanmarBago
33%
Ivory CoastBagoue
33%
Saudi ArabiaBahah
33%
SeychellesBaie Lazare
33%
SeychellesBaie Sainte Anne
33%
KazakhstanBaikonur
33%
NauruBaitsi
33%
GuatemalaBaja Verapaz
33%
AzerbaijanBalakan
33%
TurkiyeBalikesir
33%
AfghanistanBalkh
33%
PakistanBalochistan
33%
JordanBalqa
33%
MoldovaBalti
33%
LatviaBalvi
33%
LiechtensteinBalzers
33%
Central African RepublicBamingui-Bangoran
33%
AfghanistanBamyan
33%
SomaliaBanaadir
33%
GambiaBanjul
33%
SlovakiaBanska Bystrica
33%
CambodiaBanteay Meanchey
33%
IndonesiaBanten
33%
Dominican RepublicBaoruco
33%
Dominican RepublicBarahona
33%
AzerbaijanBarda
33%
VietnamBa Ria-Vung Tau
33%
GuyanaBarima-Waini
33%
VenezuelaBarinas
33%
KenyaBaringo
33%
BangladeshBarisal
33%
TurkiyeBartin
33%
MoldovaBasarabeasca
33%
SwitzerlandBasel-Landschaft
33%
SwitzerlandBasel-Stadt
33%
RussiaBashkortostan
33%
ItalyBasilicata
33%
Central African RepublicBasse-Kotto
33%
Democratic Republic of the CongoBas-Uele
33%
ChadBatha
33%
KyrgyzstanBatken
33%
TurkiyeBatman
33%
East TimorBaucau
33%
NigeriaBauchi
33%
LatviaBauska
33%
MongoliaBayankhongor
33%
MongoliaBayan-Ulgii
33%
TurkiyeBayburt
33%
NigeriaBayelsa
33%
HondurasBay Islands
33%
SeychellesBeau Vallon
33%
EgyptBeheira
33%
Portugal | TunisiaBeja
33%
AlgeriaBejaia
33%
SeychellesBel Air
33%
BruneiBelait
33%
Ivory CoastBelier
33%
SeychellesBel Ombre
33%
SloveniaBeltinci
33%
TunisiaBen Arous
33%
SloveniaBenedikt
33%
AngolaBengo
33%
AngolaBenguela
33%
AlgeriaBeni-Abbes
33%
EthiopiaBenishangul-Gumuz
33%
EgyptBeni Suef
33%
VietnamBen Tre
33%
NigeriaBenue
33%
MontenegroBerane
33%
AlbaniaBerat
33%
Ivory CoastBere
33%
LesothoBerea
33%
BahamasBerry Islands
33%
MadagascarBetsiboka
33%
AzerbaijanBeylagan
33%
PhilippinesBicol
33%
IndiaBihar
33%
RomaniaBihor
33%
MontenegroBijelo Polje
33%
AzerbaijanBilasuvar
33%
TurkiyeBilecik
33%
BahamasBimini
33%
TurkiyeBingol
33%
VietnamBinh Dinh
33%
VietnamBinh Du'o'ng
33%
VietnamBinh Phu'o'c
33%
VietnamBinh Thuan
33%
ChileBiobio
33%
Equatorial GuineaBioko Norte
33%
Equatorial GuineaBioko Sur
33%
Guinea-BissauBiombo
33%
AlgeriaBiskra
33%
SloveniaBistrica ob Sotli
33%
RomaniaBistrita-Nasaud
33%
TurkiyeBitlis
33%
North MacedoniaBitola
33%
TunisiaBizerte
33%
BahamasBlack Point
33%
BulgariaBlagoevgrad
33%
IcelandBlaskogabyggd
33%
SloveniaBled
33%
SwedenBlekinge
33%
AlgeriaBlida
33%
SloveniaBloke
33%
SudanBlue Nile
33%
NicaraguaBoaco
33%
Cape VerdeBoa Vista
33%
East TimorBobonaro
33%
PanamaBocas del Toro
33%
NauruBoe
33%
MadagascarBoeny
33%
North MacedoniaBogdanci
33%
North MacedoniaBogovinje
33%
SloveniaBohinj
33%
GuineaBoke
33%
LaosBokeo
33%
Guinea-BissauBolama
33%
LaosBolikhamxai
33%
Colombia | Ecuador | VenezuelaBolivar
33%
TurkiyeBolu
33%
IcelandBolungarvik
33%
KenyaBomet
33%
LiberiaBomi
33%
LiberiaBong
33%
MadagascarBongolava
33%
GhanaBono
33%
GhanaBono East
33%
ParaguayBoqueron
33%
AlgeriaBordj Baji Mokhtar
33%
AlgeriaBordj Bou Arreridj
33%
IcelandBorgarbyggd
33%
San MarinoBorgo Maggiore
33%
BeninBorgou
33%
ChadBorkou
33%
NigeriaBorno
33%
SloveniaBorovnica
33%
HungaryBorsod-Abauj-Zemplen
33%
North MacedoniaBosilovo
33%
Burkina FasoBoucle du Mouhoun
33%
Republic of the CongoBouenza
33%
Papua New GuineaBougainville
33%
AlgeriaBouira
33%
AlgeriaBoumerdes
33%
Ivory CoastBounkani
33%
FranceBourgogne-Franche-Comte
33%
PortugalBraga
33%
PortugalBraganca
33%
MauritaniaBrakna
33%
SerbiaBranicevo
33%
RomaniaBrasov
33%
Cape VerdeBrava
33%
Republic of the CongoBrazzaville
33%
Bosnia and HerzegovinaBrcko
33%
SloveniaBrda
33%
SloveniaBrezice
33%
SloveniaBrezovica
33%
FranceBrittany
33%
CroatiaBrod-Posavina
33%
BelgiumBrussels-Capital Region
33%
North MacedoniaBrvenica
33%
ZimbabweBulaweyo
33%
AustriaBurgenland
33%
TurkiyeBursa
33%
RussiaBuryatia
33%
South KoreaBusan
33%
LibyaButnan
33%
IndonesiaBangka Belitung Islands
17%
HungaryBaranya
17%
CambodiaBattambang
17%
AlgeriaBechar
17%
HungaryBekes
17%
MoldovaBender
17%
LibyaBenghazi
17%
IndonesiaBengkulu
17%
MoroccoBeni Mellal-Khenifra
17%
North MacedoniaBerovo
17%
CroatiaBjelovar-Bilogora
17%
RomaniaBotosani
17%
SloveniaBovec
17%
ColombiaBoyaca
17%
RomaniaBraila
17%
SloveniaBraslovce
17%
MoldovaBriceni
17%
SurinameBrokopondo
17%
RussiaBryansk
17%
NauruBuada
17%
BurundiBubanza
17%
UgandaBudaka
17%
UgandaBududa
17%
MontenegroBudva
17%
ThailandBueng Kan
17%
UgandaBugiri
17%
UgandaBugweri
17%
UgandaBuhweju
17%
UgandaBuikwe
17%
BurundiBujumbura Mairie
17%
BurundiBujumbura Rural
17%
UgandaBukedea
17%
UzbekistanBukhara
17%
UgandaBukomansimbi
17%
UgandaBukwo
17%
UgandaBulambuli
17%
MongoliaBulgan
17%
UgandaBuliisa
17%
BhutanBumthang
17%
UgandaBundibugyo
17%
KenyaBungoma
17%
UgandaBunyangabu
17%
TurkiyeBurdur
17%
BulgariaBurgas
17%
ThailandBuriram
17%
BurundiBururi
17%
IranBushehr
17%
UgandaBushenyi
17%
Kenya | UgandaBusia
17%
UgandaButaleja
17%
UgandaButambala
17%
UgandaButebo
17%
North MacedoniaButel
17%
LesothoButha-Buthe
17%
UgandaBuvuma
17%
UgandaBuyende
17%
RomaniaBuzau
17%

Score Distribution

Percentile by Number Answered

Percent of People with Each Score

Your Score History

You have not taken this quiz